000 00565nam a2200193Ia 4500
003 GCL
008 140319s9999 xx 000 0 ara d
040 _aGCL /
_cGCL
082 0 4 _a239.9
_bخ ر
100 1 _aخالد محمد خالد
245 1 0 _aرجال حول الرسول /
_cخالد محمد خالد
260 _aبيروت :
_bدار الفكر
300 _a639 ص ؛
_c24 سم
490 _a
650 0 4 _aالسيرة النبوية
650 0 4 _aالتراجم
650 0 4 _aالصحابة والتابعون - تراجم
942 _2ddc
_cBK
999 _c46217
_d46217